In which club they played the most games (PL Edition) - Statistics

General Stats
  • This quiz has been taken 15 times
  • The average score is 11 of 20
Answer Stats
Footballer Club % Correct
Lukasz Fabianski West Ham Utd.
93%
Samir Nasri Manchester City
86%
William Gallas Chelsea FC
79%
Nicolas Anelka Chelsea FC
79%
Gylfi Sigurdsson Everton
79%
Shane Long Southampton
79%
Peter Crouch Stoke City
79%
Adam Lallana Southampton
71%
Sol Campbell Tottenham
71%
Teddy Sheringham Tottenham
57%
Jay Rodríguez Burnley
50%
Craig Bellamy Newcastle Utd.
43%
Lazar Markovic Liverpool
36%
Shay Given Newcastle
36%
Les Ferdinand QPR
36%
Robert Huth Stoke City
36%
Tim Sherwood Blackburn
29%
Scott Parker Charlton
29%
Stewart Downing Middlesbrough
29%
Wayne Bridge Southampton
29%
No matching quizzes found
Score Distribution
Percent of People with Each Score
Percentile by Number Answered
Your Score History
You have not taken this quiz